000
00273nam a2200097Ia 4500
008
220204s9999 xx 000 0 und d
082
_a
800(038)
_b
LIN
245
0
_a
Linguistic glossary English Malayalam
260
_a
Thiruvananathapuram
_b
Kerala Bhasha Inst
_c
1970
942
_c
BK
999
_c
22845
_d
22845